000 01197cad a22002415a 4500
001 L160230
008 190505s2019 xxk f 000 0 eng d
035 _a(Sirsi) u160230
041 0 _aeng
110 2 _aUnited Kingdom
_kLaws, etc.
_95044
245 0 0 _aTenant Fees Act 2019
_h[electronic resource]
260 _aLondon
_bHMSO
_c2019
520 _aComes into force on 1 June 2019. Prohibits landlords and letting agents from requiring certain payments to be made or certain other steps to be taken; makes provision about the payment of holding deposits; makes provision about enforcement and about the lead enforcement authority; amends the provisions of the Consumer Rights Act 2015 about information to be provided by letting agents and makes new provision around client money protection schemes.
590 _aKA NTK
650 2 4 _aTENANT FEES ACT 2019
650 2 4 _aCONSUMER RIGHTS ACT 2015
650 2 4 _aFEES
651 4 _aEngland and Wales
_y1543-
690 _aResidential property
_96266
690 _aLeasing/Letting
_96253
856 4 0 _uhttps://www.legislation.gov.uk/ukpga/2019/4/introduction/enacted
_zView the item free of charge at www.legislation.gov.uk
942 _n0
_2ddc
999 _c116284
_d116284